Responses for Show #5010 - Friday, May 26, 2006

Contestants

[<< previous game]

Stella Daily, a copywriter from Brooklyn, New York

Keith Suta, a writer from Bozeman, Montana

Robb Muhm, a pediatrician from Scottsdale, Arizona (whose 1-day cash winnings total $24,400)

[next game >>]

Jeopardy! Round responses

PRESIDENTIAL FINAL RESTING PLACES
BROADWAY LYRICS
HIGHLAND FLINGS
BABY YOU CAN MAKE MY CAR
WOMEN OUTSTANDING IN THEIR FIELD
(Alex: You have to name the shared field.)
MAY I HAVE A WORD WITH "U"?
    $200 1
Abraham Lincoln

Stella
    $200 3
an optimist

Triple Stumper
    $200 26
Treasure Island

Stella
    $200 12
Chevy

Stella
    $200 19
cooking

Stella
    $200 2
an undergraduate

Keith
    $400 17
(Stella: Who is Andrew Jackson?)

Lyndon Johnson

KeithStella
    $400 4
"Sunrise, Sunset"

Stella
    $400 27
Robert Burns

Stella
    $400 13
Mazda

Robb
    $400 20
the U.S. Senate

Stella
    $400 8
an Uzi

Stella
    $600 18
(Alex: They, uh, moved Monroe to Virginia.)

Ulysses Grant

Triple Stumper
    $600 5
send in the clowns

Stella
    $600 28
Mary, Queen of Scots

Stella
    $600 14
Ford

Stella
    $600 21
fashion

Keith
    $600 9
an ultimatum

Stella
    $800 24
Richard Nixon

Keith
    $800 6
your dream

Stella
    $1,000 29
(Stella: I have no idea.)
...
(Alex: Biographer, the important word.)
(Stella: Never would've gotten it.)
(Alex: You wouldn't have gotten it? All right, let's see if you can get the last clue:)

James Boswell

Stella
    $800 15
Toyota

Robb
    $800 22
photography

Keith
    $800 10
the unconscious

Stella
    $1000 25
(Robb: Who is Van Buren?)

McKinley

Robb
Triple Stumper
    $1000 7
(Alex: The King and I.)

my cup of tea

Triple Stumper
    $1000 30
John Knox

Triple Stumper
    $1000 16
Nissan

Robb
    $1000 23
(Keith: Uh... political office?)
...
(Alex: All of them singers.)

opera

Keith
Triple Stumper
    $1000 11
unanimous

Keith

Scores at the first commercial break (after clue 16):

Robb Keith Stella
$2,200 $1,200 $4,600

Scores at the end of the Jeopardy! Round:

Robb Keith Stella
$1,200 $2,800 $5,000

Double Jeopardy! Round responses

THE HUMAN BODY
SHAKESPEARE'S FILMS
(Alex: We need you to name the play on which each film is based.)
LATIN AMERICAN LAKES & RIVERS
ONE-WORD RHYMES
(Alex: Each correct response will have two syllables that rhyme with each other.)
SINNERS
"D" MEN
    $400 1
the diaphragm

Robb
    $400 11
Romeo and Juliet

Stella
    $400 26
(Alex: They are both branches of [*]. They get together and form [*].)

the Amazon

Triple Stumper
    $400 16
loco

Stella
    $400 21
Wendy's

Robb
    $400 6
DiMaggio

Robb
    $800 2
hemisphere of the brain

Triple Stumper
    $800 12
The Taming of the Shrew

Keith
    $800 27
the Panama Canal

Stella
    $800 17
heyday

Stella
    $800 22
the Ku Klux Klan

Triple Stumper
    $800 7
Michael Dukakis

Stella
    $1200 3
the trachea

Robb
    $2,000 13
Macbeth

Keith
    $1200 28
Lake Nicaragua

Triple Stumper
    $1200 18
(Stella: Uh--what is a snowshoe? No.)

a mukluk

KeithStella
    $1200 23
(Stella: Who is Juan Peron?)

Adolf Eichmann

Stella
Triple Stumper
    $2,000 8
(Stella: Ooh... Who is Duffy?)

Admiral George Dewey

Stella
    $1600 4
the meninges

Robb
    $1600 14
King Lear

Keith
    $1600 29
Lake Titicaca

Stella
    $1600 19
humdrum

Stella
    $1600 24
the cheerleading team

Keith
    $1600 9
Clarence Darrow

Stella
    $2000 5
metatarsi

Stella
    $2000 15
Henry IV

Triple Stumper
    $2000 30
the Orinoco River

Triple Stumper
    $2000 20
a nitwit

Stella
    $2000 25
the Ceausescus

Robb
    $2000 10
De Klerk

Stella

Scores at the end of the Double Jeopardy! Round:

Robb Keith Stella
$7,200 $10,000 $14,600

[wagering suggestions for these scores]

Final Jeopardy! Round responses

20th CENTURY WOMEN
(Alex: Yes, To Kill a Mockingbird author.)
RobbWho is Harper Lee?
$7,000
KeithWho is Harper Lee
$5,000
StellaWho is Margaret Mitchell?
$5,401
Harper Lee

Final scores:

Robb Keith Stella
$14,200 $15,000 $9,199
2nd place: $2,000 New champion: $15,000 3rd place: $1,000

Game dynamics:

Coryat scores:

Robb Keith Stella
$7,200 $9,200 $17,600
9 R,
1 W
11 R
(including 1 DD),
1 W
25 R,
5 W
(including 2 DDs)

Combined Coryat: $34,000

[game clues] [game scores] [suggest correction]

Game tape date: 2006-03-29
The J! Archive is created by fans, for fans. Scraping, republication, monetization, and malicious use prohibited; this site may use cookies and collect identifying information. See terms. The Jeopardy! game show and all elements thereof, including but not limited to copyright and trademark thereto, are the property of Jeopardy Productions, Inc. and are protected under law. This website is not affiliated with, sponsored by, or operated by Jeopardy Productions, Inc. Join the discussion at JBoard.tv.